| 000 | 00634nam a22002057a 4500 | ||
|---|---|---|---|
| 999 |
_c11539 _d11539 |
||
| 003 | AR-CdUCM | ||
| 008 | 190404b ||||| |||| 00| 0 spa d | ||
| 040 |
_aMUNICIPALIDAD PROVINCIAL DEL CUSCO _cBIBLIOTECA MUNICIPAL DEL CUSCO |
||
| 082 |
_23ed _a868.57 / 1947 / _bP434 |
||
| 100 |
_aPereda, José María de _926152 |
||
| 245 | _aPeñas arriba / | ||
| 260 |
_aBuenos Aires : _bLosada, _c1947. |
||
| 300 |
_a180 páginas ; _c18 cm. |
||
| 505 | _aContenido: t.1 -- t.2: Literatura española. | ||
| 650 |
_aLiteratura española _9362 |
||
| 650 |
_aSiglo XIX _9971 |
||
| 650 |
_aLiteratura _983 |
||
| 942 |
_2ddc _cLIBROS |
||
| 945 | _adavv | ||